Les 7 Continents en 15 Secondes - Statistiques

Statistiques générales
  • Ce quiz a été pris 948 fois
  • Le résultat moyen est 5 sur 7
Statistiques - réponses
Continents % Correct
Europe
91%
Asie
82%
Afrique
72%
Amérique du Nord
72%
Amérique du Sud
67%
Océanie
59%
Antarctique
20%
Aucun quiz correspondant
Distribution des résultats
% des personnes avec chaque résultat
Percentile par nombre de réponses
Votre historique - résultats
Vous n’avez pas pris ce quiz